| 000 | 00766nam a2200229 a 4500 | ||
|---|---|---|---|
| 005 | 20210219160257.0 | ||
| 008 | 081003s1987 mx r 000 0 spa d | ||
| 020 | _a9682909270 | ||
| 035 | _aUPN01000162172 | ||
| 049 | _aUNE | ||
| 080 | _aOC 026 (72) "1987" EZC No.5. | ||
| 100 | 1 | _aEzcurdia y Vértiz, Manuel de | |
| 245 | 1 | 4 |
_aLas colecciones especilaes / _cpor Manuel de Escurdia y Vértiz, Margarita Maass Moren. |
| 260 |
_aMéxico : _bSEP, _c1987. |
||
| 300 |
_a113 p. : _bil. |
||
| 440 | 0 |
_aTemas de bibliotecología ; _v5 |
|
| 690 | _aBibliotecas especializadas - México | ||
| 690 | _aColecciones especiales (bibliotecas) | ||
| 700 | 1 |
_aMaass Moreno, Margarita, _ecoaut. |
|
| 710 | 1 |
_aMéxico. _bSecretaría de Educación Pública |
|
| 905 | _aUNESCO | ||
| 999 |
_c134285 _d134285 |
||